[Event "COL-ch U1700"]
[Site "Pereira"]
[Date "2022.02.17"]
[Round "3"]
[White "Montoya, Ricardo"]
[Black "Paez, Adolfo"]
[Result "1-0"]
[WhiteElo "1604"]
[BlackElo "1687"]
[PlyCount "145"]
[EventDate "2022.02.16"]
[EventType "swiss"]
[EventRounds "9"]
[EventCountry "COL"]
[SourceTitle "CBM 207 Extra"]
[Source "ChessBase"]
[SourceDate "2022.05.31"]
[SourceVersion "1"]
[SourceVersionDate "2022.05.31"]
[SourceQuality "1"]

1. e4 c5 2. d4 cxd4 3. c3 d3 4. Bxd3 Nc6 5. Nf3 d6 6. 0-0 Nf6 7. Qe2 e6 8. Rd1 Qc7 9. Na3 a6 10. Bf4 e5 11. Bg5 Be7 12. Nc4 b5 13. Ne3 h6 14. Bxf6 Bxf6 15. Nd5 Qd8 16. Bc2 0-0 17. Qd3 Re8 18. Bb3 Bb7 19. Nxf6+ Qxf6 20. Qxd6 Qxd6 21. Rxd6 Rad8 22. Rad1 Rxd6 23. Rxd6 Na5 24. Bd5 Bxd5 25. exd5 Nc4 26. Rxa6 Nxb2 27. Rb6 Na4 28. Rc6 f6 29. Nh4 Rd8 30. Nf5 Kf7 31. d6 Ke6 32. Nxg7+ Kd5 33. Ra6 Rxd6 34. c4+ Kc5 35. Rxd6 Kxd6 36. cxb5 Kc5 37. Ne8 f5 38. a3 f4 39. f3 Kxb5 40. Nd6+ Kc5 41. Nf7 Kd5 42. Nxh6 e4 43. fxe4+ Kxe4 44. Kf2 Nc3 45. h4 Ke5 46. Kf3 Na4 47. Ng4+ Kf5 48. Nf2 Nc5 49. Nh3 Nd3 50. a4 Ne5+ 51. Ke2 Kg4 52. a5 f3+ 53. gxf3+ Kxh4 54. Nf2 Kg5 55. a6 Nc6 56. Ke3 Kf5 57. Nd3 Na7 58. Nb4 Ke5 59. f4+ Kf5 60. Kf3 Ke6 61. Kg4 Kd6 62. f5 Ke7 63. Kg5 Kf7 64. f6 Kf8 65. Kg6 Kg8 66. Nd5 Kf8 67. Ne7 Nb5 68. Nc6 Nc7 69. a7 Na8 70. Ne5 Nc7 71. Nd7+ Ke8 72. f7+ Kxd7 73. f8Q 1-0

[Event "Manizales op 27th"]
[Site "Manizales"]
[Date "2022.01.07"]
[Round "3"]
[White "Montoya, Ricardo"]
[Black "Coca Cubillos, Jesus Alberto"]
[Result "1/2-1/2"]
[WhiteElo "1573"]
[BlackElo "1958"]
[PlyCount "67"]
[EventDate "2022.01.06"]
[EventType "swiss"]
[EventRounds "8"]
[EventCountry "COL"]
[SourceTitle "CBM 206 Extra"]
[Source "ChessBase"]
[SourceDate "2022.03.31"]
[SourceVersion "1"]
[SourceVersionDate "2022.03.31"]
[SourceQuality "1"]

1. e4 Nf6 2. e5 Nd5 3. d4 d6 4. exd6 cxd6 5. c4 Nb6 6. Nc3 g6 7. h3 Bg7 8. Nf3 0-0 9. Be2 Nc6 10. 0-0 e5 11. Bg5 f6 12. Be3 Nd7 13. dxe5 dxe5 14. c5 Kh8 15. Qd5 f5 16. Bg5 Nf6 17. Qxd8 Rxd8 18. Rfd1 Be6 19. Nb5 Rxd1+ 20. Rxd1 Bxa2 21. Bxf6 Bxf6 22. Rd7 e4 23. Nd2 a6 24. Nd6 Bxb2 25. Rxb7 Bd4 26. Bc4 Bxc4 27. N2xc4 Bxc5 28. Nf7+ Kg7 29. Nfe5+ Ne7 30. Nd7 Rc8 31. Nxc5 Rxc5 32. Rxe7+ Kf6 33. Ra7 Rxc4 34. Rxa6+ 1/2-1/2

[Event "Manizales Las Americas op-C"]
[Site "Manizales"]
[Date "2021.10.16"]
[Round "4"]
[White "Herrera Nopan, Fabian"]
[Black "Montoya, Ricardo"]
[Result "1-0"]
[WhiteElo "1612"]
[BlackElo "1558"]
[PlyCount "25"]
[EventDate "2021.10.14"]
[EventType "swiss"]
[EventRounds "9"]
[EventCountry "COL"]
[SourceTitle "EXT 2023"]
[Source "ChessBase"]
[SourceDate "2022.10.05"]
[SourceVersion "1"]
[SourceVersionDate "2022.10.05"]
[SourceQuality "1"]

1. d4 c5 2. e3 cxd4 3. exd4 d5 4. Nf3 Nc6 5. Be2 Nf6 6. 0-0 Bf5 7. c3 e6 8. Bf4 h6 9. Qb3 Qd7 10. Ne5 Nxe5 11. dxe5 Qc7 12. exf6 Qb6 13. Qxb6 1-0

[Event "COL-ch U26"]
[Site "Medellin"]
[Date "2018.10.20"]
[Round "5"]
[White "Anillo Castro, Alfonso"]
[Black "Montoya, Ricardo"]
[Result "1-0"]
[WhiteElo "1898"]
[BlackElo "1571"]
[PlyCount "45"]
[EventDate "2018.10.18"]
[EventType "swiss"]
[EventRounds "6"]
[EventCountry "COL"]
[SourceTitle "CBM 187 Extra"]
[Source "ChessBase"]
[SourceDate "2018.11.04"]
[SourceVersion "1"]
[SourceVersionDate "2018.11.04"]
[SourceQuality "1"]

1. e4 e5 2. Nf3 Nf6 3. Nxe5 d6 4. Nf3 Nxe4 5. d4 Bf5 6. Bd3 Be7 7. 0-0 Qd7 8. Re1 Nf6 9. Bxf5 Qxf5 10. Qe2 Qd7 11. Bg5 Kd8 12. Qc4 h6 13. Bxf6 Bxf6 14. Nc3 c6 15. Rad1 Re8 16. Ne5 Bxe5 17. dxe5 Re6 18. Rxd6 Rxd6 19. exd6 b5 20. Qh4+ Kc8 21. Qe7 Na6 22. Qe8+ Qd8 23. Qxc6+ 1-0